• 首页
  • 本馆介绍
  • 公告通知
  • 最新文献
  • 馆藏检索
  • 电子资源
  • 读者导购
  • 参考咨询
  • 我的图书馆
  • 登录
  • 详细信息显示
  • 放入我的书架
  • 预约/预借图书
  • 作者相关作品
  • 分类相关作品
  • 丛书相关作品
  • 出版社相关作品

书目信息

  • 表格格式
  • 工作单格式
  • 卡片格式
题名:
世界漫画史
    
 
作者: 王庸声 主编
分册:  
出版信息: 北京   海洋出版社  2008
页数: 365页
开本: 25cm
丛书名:
单 册:
中图分类: J209.1
科图分类:
主题词: 漫画--绘画史--世界--高等学校--教材 , 漫画 , 绘画史 , 绘画理论
电子资源:
ISBN: 978-7-5027-6857-7
000 01064nam0 2200277 450
001 1251460427
005 20121020165051.25
010    @a978-7-5027-6857-7@dCNY55.00
100    @a20080318d2008 em y0chiy50 ea
101 0  @achi
102    @aCN@b110000
105    @aa z 000yy
200 1  @a世界漫画史@Ashi jie man hua shi@dIllustrated history of world comics@f王庸声主编@g姜维朴等@zeng
210    @a北京@c海洋出版社@d2008
215    @a365页@c图@d25cm
300    @a“十一五”全国高校动漫游戏专业骨干课程权威教材 教育部全国职业教育与成人教育教学用书行业规划教材
330    @a本书介绍了世界各国的漫画发展轨迹,展示了众多的漫画史料,描述了各国各个发展阶段的代表漫画人物、代表作品、艺术风格和流派和重大事件等,反映了世界主要国家漫画艺术发展的足迹。
510 1  @aIllustrated history of world comics@zeng
606 0  @a漫画@x绘画史@y世界@x高等学校@j教材
606 0  @a漫画
606 0  @a绘画史
606 0  @a绘画理论
690    @aJ209.1@v4
701  0 @a王庸声@Awang yong sheng@f(1931~)@4主编
801  0 @aCN@bNLC@c20101222
905    @a10447@dJ209.1@eJY361
    
    世界漫画史=Illustrated history of world comics/王庸声主编/姜维朴等.-北京:海洋出版社,2008
    365页:图;25cm
    “十一五”全国高校动漫游戏专业骨干课程权威教材 教育部全国职业教育与成人教育教学用书行业规划教材
    
    ISBN 978-7-5027-6857-7:CNY55.00
    本书介绍了世界各国的漫画发展轨迹,展示了众多的漫画史料,描述了各国各个发展阶段的代表漫画人物、代表作品、艺术风格和流派和重大事件等,反映了世界主要国家漫画艺术发展的足迹。
●
相关链接 在E读中查询图书 在五车中查询图书 在当当中查询图书 在豆瓣中查询图书


正题名:世界漫画史     索取号:J209.1/JY361         预约/预借

序号 登录号 条形码 馆藏地/架位号 状态 备注
1 7833317   278333171   学院路分馆/ [索取号:J209.1/JY361] 在馆    
2 7833318   278333180   学院路分馆/ [索取号:J209.1/JY361] 在馆    
唐山师范学院图书馆 欢迎您!
大连网信软件有限公司© 版权所有